Dans quels collectivités d'Outre Mer sont ces villes ? - Statistiques

Statistiques générales
  • Ce quiz a été pris 35 fois
  • Le résultat moyen est 23 sur 36
Statistiques - réponses
Hint Réponse % Correct
Saint Denis La Réunion
97%
Cayenne Guyane
94%
Mamoudzou Mayotte
91%
Saint Paul La Réunion
88%
Fort de France Martinique
88%
Nouméa Nouvelle Calédonie
88%
Saint Benoît La Réunion
81%
Papeete Polynésie Française
81%
Saint André La Réunion
78%
Saint Joseph La Réunion
78%
Les Abymes Guadeloupe
75%
Saint Leu La Réunion
75%
Punaauia Polynésie Française
75%
Saint Laurent du Maroni Guyane
72%
Kourou Guyane
72%
Saint Pierre La Réunion
72%
Saint Suzanne La Réunion
72%
Le Tampon La Réunion
66%
Faaa Polynésie Française
63%
Sainte Marie La Réunion
59%
Dumbéa Nouvelle Calédonie
59%
Saint Louis La Réunion
56%
Le Robert Martinique
53%
Baie Mahault Guadeloupe
50%
Petit Bourg Guadeloupe
50%
Le Port La Réunion
50%
La Possession La Réunion
50%
Le Lamentin Martinique
50%
Le Moule Guadeloupe
44%
Le Gosier Guadeloupe
41%
Matoury Guyane
38%
Koungou Mayotte
38%
Le Mont Dore Nouvelle Calédonie
38%
Sainte Anne Guadeloupe
28%
Remire Montjoly Guyane
28%
Païta Nouvelle Calédonie
19%
Aucun quiz correspondant
Distribution des résultats
% des personnes avec chaque résultat
Percentile par nombre de réponses
Votre historique - résultats
Vous n’avez pas pris ce quiz